Loading...
COMPARITIVE AESTHETICS : INDIAN AESTHETICS
| Hovedforfatter: | |
|---|---|
| Format: | Printed Book |
| Udgivet: |
VARANASI
CHOWKHAMBA SANSKRIT SERIES OFFICE
1959
|
| Udgivelse: | 2 edition |
| Fag: |
| LEADER | 00511nam a2200169 4500 | ||
|---|---|---|---|
| 020 | |||
| 082 | |a 111.85 KAN | ||
| 100 | |a KANTI CHANDRA PANDEY | ||
| 245 | |a COMPARITIVE AESTHETICS : INDIAN AESTHETICS |h English | ||
| 250 | |a 2 edition | ||
| 260 | |a VARANASI |b CHOWKHAMBA SANSKRIT SERIES OFFICE |c 1959 | ||
| 300 | |a 756 p |f HB | ||
| 650 | |a AESTHETIC | ||
| 700 | |||
| 942 | |c TB | ||
| 999 | |c 149117 |d 149117 | ||
| 952 | |0 0 |1 0 |3 V1 |4 0 |6 111_850000000000000_KAN |7 0 |9 162577 |a ORI |b ORI |l 0 |o 111.85 KAN |p ORI652/E |r 2019-10-25 |w 2019-10-25 |y TB | ||